000 00234nam a2200097Ia 4500
008 190216s9999||||xx |||||||||||||| ||und||
100 _aNull
245 0 _aHindi-Urdu Hindi Vyavahar Kosh
260 _bPrabhakar Publications
942 _cBK
999 _c18481
_d18481